Ground-water quality and effects of poultry confined animal feeding operations on shallow ground water, upper Shoal Creek basin, southwest Missouri, 2000 /

Bibliographic Details
Main Author: Mugel, Douglas N.
Corporate Authors: Missouri. Water Pollution Control Program, United States. Environmental Protection Agency. Region VII, Geological Survey (U.S.)
Format: Government Document Book
Language:English
Published: Rolla, Mo. : U.S. Dept. of the Interior, U.S. Geological Survey ; 2002.
Series:Water-resources investigations report ; 02-4125.
Subjects:
Online Access:Adobe Acrobat Reader required

MARC

Tag First Indicator Second Indicator Subfields
LEADER 00000cam a2200000 a 4500
001 in00001698821
005 20211202194926.0
008 021028s2002 mouab b f000 0 eng c
035 |a (OCoLC)ocm50629425 
040 |a GIS  |c GIS  |d GPO  |d MvI  |d UtOrBLW 
042 |a pcc 
043 |a n-us-mo 
049 |a UDOC  |a WWW 
074 |a 0624-B 
074 |a 0624-B (online) 
086 0 |a I 19.42/4:02-4125 
100 1 |a Mugel, Douglas N. 
245 1 0 |a Ground-water quality and effects of poultry confined animal feeding operations on shallow ground water, upper Shoal Creek basin, southwest Missouri, 2000 /  |c by Douglas N. Mugel ; prepared in cooperation with the Missouri Department of Natural Resources, Division of Environmental Quality, Water Pollution Control Program, and U.S. Environmental Protection Agency, Region VII. 
246 2 |a Ground water quality and effects of poultry confined animal feeding operations on shallow ground water, upper Shoal Creek basin, southwest Missouri, 2000 
264 1 |a Rolla, Mo. :  |b U.S. Dept. of the Interior, U.S. Geological Survey ;  |c 2002. 
264 2 |a Denver, CO :  |b Branch of Information Services [distributor], 
300 |a iv, 41 pages :  |b illustrations (some color), color maps ;  |c 28 cm. 
336 |a text  |b txt  |2 rdacontent 
337 |a unmediated  |b n  |2 rdamedia 
338 |a volume  |b nc  |2 rdacarrier 
490 1 |a Water-resources investigations report ;  |v 02-4125 
500 |a Shipping list number: 2003-0010-P. 
500 |a Shipping List Date: 10/17/2002 
504 |a Includes bibliographical references (pages 28-29). 
530 |a Also available via Internet from the USGS web site. Address as of 10/25/02: http://mo.water.usgs.gov/Reports/WRIR02-4125/index.htm ; current access is available via PURL. 
650 0 |a Poultry industry  |x Environmental aspects  |z Missouri  |z Barry County Region. 
650 0 |a Poultry industry  |x Environmental aspects  |z Shoal Creek Watershed (Mo. and Kan.) 
650 0 |a Groundwater  |x Pollution  |z Missouri  |z Barry County Region. 
650 0 |a Groundwater  |x Pollution  |z Missouri  |z Shoal Creek Watershed (Mo. and Kan.) 
710 1 |a Missouri.  |b Water Pollution Control Program. 
710 1 |a United States.  |b Environmental Protection Agency.  |b Region VII. 
710 2 |a Geological Survey (U.S.) 
830 0 |a Water-resources investigations report ;  |v 02-4125. 
856 4 1 |u https://purl.fdlp.gov/GPO/LPS23477  |z Adobe Acrobat Reader required  |t 0 
999 |a MARS 
999 f f |s fec2f6d7-a51b-379f-9661-be41146442f5  |i e76b7a42-a404-358a-a016-651dab179825  |t 0 
952 f f |p normal  |a Texas A&M University  |b College Station  |c Sterling C. Evans Library  |d Evans: US Documents (Annex 5th floor)  |t 0  |e I 19.42/4:02-4125  |h Superintendent of Documents classification  |i unmediated -- volume  |m A14829386983 
952 f f |a Texas A&M University  |b College Station  |c Electronic Resources  |d Available Online  |t 0  |e I 19.42/4:02-4125  |h Superintendent of Documents classification 
998 f f |a I 19.42/4:02-4125  |t 0  |l Evans: US Documents (Annex 5th floor) 
998 f f |a I 19.42/4:02-4125  |t 0  |l Available Online